Plasty - problémová složka odpadu. 1

Význam plastov z ekonomického a spoločenského hľadiska. Objem svetovej výroby plastov od r.1960-1990. Schéma štruktúry spotreby plastov v jednotlivých odvetviach priemyslu. Plasty v životnom prostredí, miera záťaže plastov. Ekobilancia plastov. Plasty v odpadoch - občiansky a priemyselný odpad.

Gespeichert in:
Bibliographische Detailangaben
1. Verfasser: Hugo, J.
Format: Buchkapitel
Sprache:Tschechisch
Schlagworte:
Tags: Tag hinzufügen
Keine Tags, Fügen Sie das erste Tag hinzu!

MARC

LEADER 00000naa a2200000 4500
001 r001041
005 20221205090614.5
041 0 |a cze 
044 |a CZ 
245 1 0 |a Plasty - problémová složka odpadu. 1  |c J. Hugo 
520 |a Význam plastov z ekonomického a spoločenského hľadiska. Objem svetovej výroby plastov od r.1960-1990. Schéma štruktúry spotreby plastov v jednotlivých odvetviach priemyslu. Plasty v životnom prostredí, miera záťaže plastov. Ekobilancia plastov. Plasty v odpadoch - občiansky a priemyselný odpad. 
610 2 0 |a látky plastické 
610 2 0 |a odpad 
610 2 0 |a odpad výrobný 
610 2 0 |a prostredie životné 
610 2 0 |a spracovanie odpadu 
610 2 0 |a recyklácia odpadu 
610 2 0 |a likvidácia odpadu 
610 2 0 |a odpad komunálny 
610 2 0 |a skládky odpadu 
100 1 |a Hugo, J.